| 000 | 00536nam a2200181 a 4500 | ||
|---|---|---|---|
| 001 | 4699 | ||
| 003 | CDMR | ||
| 005 | 20130419121515.0 | ||
| 008 | 130130s2011||||sp |||||||||||||||||cat|d | ||
| 040 |
_aCDMR _bcat _cCPC GIRONA |
||
| 100 | 1 |
_91068 _aAlberch i Fugueras, Ramón |
|
| 245 | 1 | 3 |
_aEl preu de la memòria _b: el cas de l'Arxiu Centelles _cRamon Alberch i Fugueras |
| 260 |
_c2011 _bPagès _aLleida |
||
| 300 | _a112 p. | ||
| 490 | 0 |
_aGuimet _v142 |
|
| 600 | 1 |
_93228 _aCentelles, Agustí _vCol·leccions de fotografies |
|
| 942 |
_cMON _2udc |
||
| 999 |
_c4699 _d4699 |
||